[Event "Titled Tue 1st Jul Early"]
[Site "chess.com INT"]
[Date "2025.07.01"]
[Round "4"]
[White "Emeliantsev, Anatoliy"]
[Black "Shubenkova, Veronika"]
[Result "0-1"]
[WhiteTitle "FM"]
[BlackTitle "WFM"]
[WhiteElo "2359"]
[BlackElo "2031"]
[WhiteFideId "4160681"]
[BlackFideId "44124040"]
[EventDate "2025.07.01"]

1. d4 d5 2. c4 Nf6 3. cxd5 Qxd5 4. Nc3 Qd8 5. e4 e6 6. Bd3 c5 7. e5 cxd4 8. Bb5+
Nc6 9. exf6 dxc3 10. Bxc6+ bxc6 11. Qxd8+ Kxd8 12. Bg5 Kc7 13. bxc3 gxf6 14.
Bxf6 Rg8 15. Be5+ Bd6 16. Bxd6+ Kxd6 17. g3 Rb8 18. Nf3 Ba6 19. O-O-O+ Kc7 20.
Ne5 Rbd8 21. Nxf7 Rxd1+ 22. Rxd1 Rf8 23. Ne5 Rxf2 24. Rd7+ Kb6 25. Rxh7 Rxa2 26.
Nd7+ Ka5 27. Rh5+ Ka4 28. Nc5+ Kb5 29. Nb3+ Kc4 30. Nd2+ Kxc3 31. Rc5+ Kd3 32.
Rxc6 e5 33. Rd6+ Ke3 34. Nb3 Bd3 35. Kd1 a5 36. Rxd3+ Kxd3 37. Nc1+ Kc3 38.
Nxa2+ Kb2 39. Nc1 a4 40. g4 a3 41. g5 e4 42. g6 e3 43. g7 e2+ 44. Kxe2 Kxc1 45.
g8=Q Kb2 0-1

[Event "Titled Tue 1st Jul Early"]
[Site "chess.com INT"]
[Date "2025.07.01"]
[Round "4"]
[White "Li, Hui"]
[Black "Garv, Gaur"]
[Result "1-0"]
[WhiteTitle "CM"]
[BlackTitle "FM"]
[WhiteElo "2065"]
[BlackElo "2363"]
[WhiteFideId "15400310"]
[BlackFideId "45030839"]
[EventDate "2025.07.01"]

1. e4 c6 2. d4 d5 3. Nd2 dxe4 4. Nxe4 Nf6 5. Nxf6+ exf6 6. c3 Bd6 7. Bd3 O-O 8.
Qc2 Re8+ 9. Ne2 h5 10. O-O h4 11. Bf4 h3 12. g3 Na6 13. Rfe1 Nc7 14. Bxd6 Qxd6
15. Nf4 Bg4 16. Bh7+ Kf8 17. Bf5 Bf3 18. Bxh3 g5 19. Qh7 Re4 20. Rxe4 Bxe4 21.
Qxe4 gxf4 22. Qh7 Re8 23. Qh8+ Ke7 24. Re1+ Ne6 25. Qh7 Kd8 26. Qxf7 Nc7 27.
Rxe8+ Nxe8 28. Bg2 c5 29. Qc4 b6 30. Qd5 Qxd5 31. Bxd5 fxg3 32. fxg3 cxd4 33.
cxd4 Nc7 34. Bc4 f5 35. Kf2 Ke7 36. Ke3 Kf6 37. h3 Ne8 38. Kf4 Nd6 39. Bd3 Ke6
40. g4 fxg4 41. hxg4 Kf6 42. g5+ Kg7 43. Ke5 Nf7+ 44. Kf5 Nd6+ 45. Ke6 Nb7 46.
b4 a5 47. a3 axb4 48. axb4 b5 49. Kd7 Kf7 50. Kc7 1-0

[Event "Titled Tue 1st Jul Early"]
[Site "chess.com INT"]
[Date "2025.07.01"]
[Round "4"]
[White "Lazavik, Denis"]
[Black "Novosel, Lovro"]
[Result "1-0"]
[WhiteTitle "GM"]
[BlackTitle "FM"]
[WhiteElo "2580"]
[BlackElo "2338"]
[WhiteFideId "13515110"]
[BlackFideId "14547120"]
[EventDate "2025.07.01"]

1. e4 c5 2. Nf3 d6 3. d4 cxd4 4. Nxd4 Nf6 5. Nc3 a6 6. h3 e5 7. Nf3 Be7 8. g4 h6
9. Rg1 b5 10. g5 hxg5 11. Nxg5 Qc7 12. a4 b4 13. Nd5 Qc6 14. Be3 Nbd7 15. Qf3
Bb7 16. Nxb4 Qc7 17. c3 Nc5 18. Nd5 Bxd5 19. exd5 Rh4 20. Rg4 Rxg4 21. hxg4 Rb8
22. Ra2 e4 23. Qd1 Nfd7 24. Be2 Ne5 25. Bxc5 Qxc5 26. Nxe4 Qb6 27. b4 Rc8 28. a5
Qb7 29. Kf1 Kf8 30. Qd4 Qd7 31. Bxa6 Ra8 32. Be2 Nxg4 33. Kg2 Ne5 34. a6 f5 35.
Ng3 Bf6 36. a7 Qf7 37. Qd1 Qg6 38. Qb1 Qg5 39. Qxf5 Qc1 40. Ne4 Kf7 41. Nxd6+
Ke7 42. Qe6+ Kd8 43. Nf7+ Kc7 44. Qd6+ Kb7 45. Ba6+ Kxa7 46. Bc8+ Qa3 47. Rxa3# 1-0

[Event "Titled Tue 1st Jul Early"]
[Site "chess.com INT"]
[Date "2025.07.01"]
[Round "4"]
[White "Ashraf, Artin"]
[Black "Sahakyan, Aleks"]
[Result "1-0"]
[WhiteTitle "FM"]
[BlackTitle "IM"]
[WhiteElo "2428"]
[BlackElo "2405"]
[WhiteFideId "22514805"]
[BlackFideId "13316338"]
[EventDate "2025.07.01"]

1. Nf3 Nf6 2. c4 e6 3. d4 d5 4. g3 Be7 5. Bg2 O-O 6. O-O dxc4 7. Ne5 Nc6 8. Bxc6
bxc6 9. Nxc6 Qe8 10. Nxe7+ Qxe7 11. Qa4 e5 12. dxe5 Qxe5 13. Qxc4 Re8 14. Nc3
Be6 15. Qf4 Qa5 16. Bd2 Qa6 17. Rfe1 Rad8 18. e4 Nh5 19. Qg5 h6 20. Qe3 Nf6 21.
f3 Rd3 22. Qf2 Nd7 23. Be3 Ne5 24. Rac1 Red8 25. Kg2 R3d7 26. Rcd1 Nd3 27. Rxd3
Rxd3 28. g4 Qb7 29. Rc1 a5 30. Rc2 Qb4 31. h4 a4 32. Bc5 Qa5 33. h5 Bxa2 34. Be3
Bb3 35. Rc1 a3 36. Ra1 a2 37. Kh3 Qa6 38. Nxa2 Bxa2 39. b3 Rxe3 40. Qxe3 Rd3 41.
Qf4 Rxb3 42. Rd1 1-0

[Event "Titled Tue 1st Jul Early"]
[Site "chess.com INT"]
[Date "2025.07.01"]
[Round "4"]
[White "Fikiet, Alex"]
[Black "Jandric, Damjan"]
[Result "0-1"]
[BlackTitle "CM"]
[WhiteElo "2151"]
[BlackElo "2179"]
[WhiteFideId "2052717"]
[BlackFideId "921475"]
[EventDate "2025.07.01"]

1. e4 e5 2. Bc4 Bc5 3. d4 Bxd4 4. Nf3 Nc6 5. Nxd4 Nxd4 6. Be3 Nc6 7. Nc3 Nf6 8.
g4 d6 9. f3 Be6 10. Nd5 Na5 11. Be2 c6 12. Nxf6+ gxf6 13. b3 d5 14. exd5 cxd5
15. Qd2 d4 16. Bh6 Rc8 17. Bd3 Nc6 18. a3 Qe7 19. O-O Kd7 20. Kh1 Kc7 21. h3 Kb8
22. f4 Rcg8 23. Be4 Qd6 24. fxe5 fxe5 25. Qg2 Rg6 26. Bxg6 hxg6 27. Qd2 f5 28.
gxf5 gxf5 29. Kh2 f4 30. Bxf4 exf4 31. Qxf4 Rxh3+ 32. Kg2 Qxf4 33. Rxf4 Rc3 34.
Rf2 d3 35. cxd3 Rxb3 36. Re1 Bd5+ 37. Kg3 Rxa3 38. Kf4 Nb4 39. Re8+ Kc7 40. Rh2
Bc6 41. Rh7+ Kb6 42. d4 a5 43. Ra8 a4 44. Rh6 Ra1 45. Ke5 a3 46. Rh2 a2 47. Rb2
Kb5 48. d5 Bxd5 0-1

[Event "Titled Tue 1st Jul Early"]
[Site "chess.com INT"]
[Date "2025.07.01"]
[Round "4"]
[White "Tifferet, Shakked"]
[Black "Mikhailova, Irina"]
[Result "0-1"]
[WhiteTitle "FM"]
[BlackTitle "WGM"]
[WhiteElo "2322"]
[BlackElo "2143"]
[WhiteFideId "2811529"]
[BlackFideId "4109040"]
[EventDate "2025.07.01"]

1. e4 c5 2. Ne2 Nc6 3. g3 g6 4. Bg2 Bg7 5. O-O d6 6. c3 e5 7. d3 Nge7 8. Na3 O-O
9. Nc4 d5 10. Ne3 d4 11. Nd5 Be6 12. c4 f5 13. Bg5 Qd7 14. Qd2 Rf7 15. a3 Raf8
16. b4 b6 17. b5 Bxd5 18. cxd5 Na5 19. Bxe7 Qxe7 20. Nc1 h5 21. exf5 Rxf5 22.
Be4 R5f6 23. Qg5 Qf7 24. Ra2 Nb7 25. a4 Nd6 26. Re2 Nxe4 27. dxe4 c4 28. f3 Rxf3
29. Rxf3 Qxf3 30. h4 Qf1+ 31. Kh2 Kh7 32. d6 Rf2+ 33. Rxf2 Qxf2+ 34. Kh1 d3 35.
d7 d2 36. d8=Q Qf1+ 37. Kh2 d1=Q 38. Qxd1 Qxd1 39. g4 Qxg4 40. Qxg4 hxg4 41. Ne2
Bh6 42. Kg3 Bd2 43. Kxg4 c3 44. h5 c2 45. hxg6+ Kxg6 46. Kh4 c1=Q 47. Nxc1 Bxc1
48. Kg4 Bf4 49. Kh4 Kf6 50. Kh5 Ke6 51. Kg6 Kd6 52. Kf5 Kc5 53. Ke6 Kb4 54. Kd5
Kxa4 55. Kc6 Ka5 56. Kb7 Kxb5 57. Kxa7 Kc5 58. Ka6 b5 59. Ka5 Kc4 60. Kb6 b4 61.
Ka5 b3 62. Ka4 b2 63. Ka3 b1=Q 0-1

[Event "Titled Tue 1st Jul Early"]
[Site "chess.com INT"]
[Date "2025.07.01"]
[Round "4"]
[White "Kopczynski, Michal"]
[Black "Atoyan, Alberto"]
[Result "0-1"]
[WhiteTitle "CM"]
[BlackTitle "CM"]
[WhiteElo "2225"]
[BlackElo "2302"]
[WhiteFideId "1124200"]
[BlackFideId "13314831"]
[EventDate "2025.07.01"]

1. e4 c5 2. d4 cxd4 3. c3 Nf6 4. Bd3 dxc3 5. Nxc3 Nc6 6. f4 d5 7. e5 d4 8. Nce2
Nd5 9. Nf3 Ne3 10. Bxe3 dxe3 11. O-O e6 12. a3 a5 13. Qc2 Qb6 14. Bxh7 Be7 15.
Be4 Bd7 16. Rad1 Rc8 17. Qd3 Rd8 18. Qc2 g6 19. Bxg6 Qc5 20. Qb1 Rg8 21. Bh5 Rg7
22. Kh1 Kf8 23. Nc3 Be8 24. Ne4 Qc4 25. Rde1 Nd4 26. Rxe3 Nf5 27. Rc3 Qb5 28.
Nf6 Bxf6 29. exf6 Rh7 30. g4 Bc6 31. Rxc6 Qxc6 32. Qc1 Qd5 33. Qc7 Nd4 34. Qe7+
Kg8 35. Kg2 Nxf3 36. Rxf3 Qd2+ 37. Rf2 Qd5+ 38. Rf3 Rc8 39. Kg3 Rxh5 40. gxh5
Qxh5 41. Qd6 Qg6+ 42. Kf2 Rc2+ 43. Ke3 Qg1+ 44. Ke4 Qe1+ 45. Re3 Qh1+ 46. Kd3
Qd1+ 47. Ke4 Qxd6 0-1

[Event "Titled Tue 1st Jul Early"]
[Site "chess.com INT"]
[Date "2025.07.01"]
[Round "4"]
[White "Sava, Robert-Gabriel"]
[Black "Lisenkov, Svyatoslav"]
[Result "1-0"]
[WhiteTitle "CM"]
[BlackTitle "CM"]
[WhiteElo "2121"]
[BlackElo "2283"]
[WhiteFideId "1265725"]
[BlackFideId "34264183"]
[EventDate "2025.07.01"]

1. e4 c5 2. Nc3 Nc6 3. g3 g6 4. Bg2 Bg7 5. Nge2 d6 6. O-O e6 7. d3 Nge7 8. Be3
O-O 9. f4 b6 10. d4 Ba6 11. Re1 d5 12. Qd2 dxe4 13. dxc5 f5 14. Rad1 Qxd2 15.
Rxd2 bxc5 16. Bxc5 Rfd8 17. Red1 Rxd2 18. Rxd2 Nd5 19. Nxd5 exd5 20. Nd4 e3 21.
Bxd5+ Kh8 22. Rd1 Bxd4 23. Bxd4+ Nxd4 24. Bxa8 Nxc2 25. Bf3 Kg7 26. Rd7+ Kf8 27.
Rxa7 e2 28. Bxe2 Bxe2 29. Rxh7 Nb4 30. a4 Nd3 31. Rb7 Nc5 32. Rb8+ Ke7 33. a5
Kd7 34. b4 Na6 35. Rb6 Kc7 36. b5 Nb4 37. Rxg6 Bxb5 38. Rb6 Nc6 39. Rxb5 Nd4 40.
Rd5 Nf3+ 41. Kg2 Ne1+ 42. Kf2 Nc2 43. Rxf5 Nb4 44. Re5 Nd3+ 45. Ke3 Nxe5 46.
fxe5 Kc6 47. Ke4 Kb5 48. h4 Kxa5 49. h5 Kb6 50. h6 Kc7 51. h7 Kd7 52. h8=Q Ke7
53. Qf6+ Kd7 54. Qd6+ Ke8 55. Qc7 Kf8 56. Kf5 Kg8 57. Kf6 Kh8 58. Qg7# 1-0

[Event "Titled Tue 1st Jul Early"]
[Site "chess.com INT"]
[Date "2025.07.01"]
[Round "4"]
[White "Cori Quispe, Kevin Joel"]
[Black "Bukreev, Stanislav"]
[Result "1/2-1/2"]
[WhiteTitle "GM"]
[BlackTitle "FM"]
[WhiteElo "2461"]
[BlackElo "2305"]
[WhiteFideId "3814017"]
[BlackFideId "34252347"]
[EventDate "2025.07.01"]

1. e4 e6 2. d4 d5 3. Nd2 c5 4. exd5 Qxd5 5. Ngf3 cxd4 6. Bc4 Qd6 7. O-O Nf6 8.
Nb3 Nc6 9. Nbxd4 Nxd4 10. Nxd4 Be7 11. Re1 O-O 12. c3 Rd8 13. Qe2 Bd7 14. Bg5
Qc5 15. Bh4 Rac8 16. Bb3 a5 17. a4 h6 18. Rad1 Nd5 19. Bxe7 Nxe7 20. h3 Ng6 21.
Qe3 b6 22. g3 e5 23. Qe4 Kf8 24. Qf3 Qe7 25. h4 Qf6 26. Qxf6 gxf6 27. Nc2 Bg4
28. Rxd8+ Rxd8 29. Ne3 Bf3 30. Nc4 Kg7 31. Bc2 Rb8 32. Be4 Bg4 33. f3 Be6 34.
Ne3 Ne7 35. Rd1 f5 36. Bc2 f4 37. gxf4 exf4 38. Ng2 Nd5 39. Be4 Ne3 40. Nxe3
fxe3 41. Re1 f5 42. Bc2 f4 43. Rd1 Kf6 44. Rd4 Rg8+ 45. Kh2 Ke5 46. Re4+ Kd6 47.
Rxf4 Bd5 48. Rf6+ Ke5 49. Rf5+ Kd6 50. Rf6+ Ke7 51. Rf5 Kd6 52. Rf6+ 1/2-1/2

[Event "Titled Tue 1st Jul Early"]
[Site "chess.com INT"]
[Date "2025.07.01"]
[Round "4"]
[White "Aghaei, Alireza"]
[Black "Venskaya, Nika"]
[Result "1-0"]
[WhiteTitle "CM"]
[BlackTitle "WCM"]
[WhiteElo "2204"]
[BlackElo "1926"]
[WhiteFideId "12509914"]
[BlackFideId "13523503"]
[EventDate "2025.07.01"]

1. e4 c5 2. c3 d5 3. exd5 Qxd5 4. Nf3 Nc6 5. Na3 Bg4 6. Be2 Nf6 7. h3 Bh5 8. O-O
e6 9. d3 Be7 10. Nc4 O-O 11. Bf4 Bg6 12. Nfe5 Nxe5 13. Nxe5 Qd8 14. Bf3 Nd5 15.
Bh2 Bd6 16. c4 Bxe5 17. Bxe5 Nb4 18. Bxb7 Bxd3 19. Re1 Nc2 20. Bxa8 Nxe1 21.
Qxe1 Qxa8 22. Qc3 f6 23. Bd6 Be4 24. Bxf8 Kxf8 25. Qg3 Qb7 26. Re1 Bf5 27. Qd6+
Kf7 28. b3 Qc8 29. Rd1 h6 30. Qd7+ Qxd7 31. Rxd7+ Kg6 32. Rxa7 e5 33. Rc7 e4 34.
Rxc5 Be6 35. a4 Kf7 36. a5 Bc8 37. a6 Ke7 38. a7 Bb7 39. Rc7+ Kd6 40. Rxb7 Ke5
41. Rb8 Kd4 42. a8=Q Kc3 43. Qd5 Kc2 44. c5 Kb2 45. c6 Ka3 46. c7 Kb2 47. c8=Q
Ka2 48. Qd2+ Ka3 49. Ra8+ Kxb3 50. Qcc3# 1-0

[Event "Titled Tue 1st Jul Early"]
[Site "chess.com INT"]
[Date "2025.07.01"]
[Round "4"]
[White "Souleidis, Georgios"]
[Black "Politov, Pavel Y."]
[Result "0-1"]
[WhiteTitle "IM"]
[BlackTitle "FM"]
[WhiteElo "2418"]
[BlackElo "2190"]
[WhiteFideId "4206827"]
[BlackFideId "24110515"]
[EventDate "2025.07.01"]

1. e4 Nc6 2. Nf3 d5 3. exd5 Qxd5 4. Nc3 Qa5 5. d4 Bg4 6. Bd2 Qh5 7. Be2 O-O-O 8.
h3 Nf6 9. O-O Bxh3 10. gxh3 Nxd4 11. Nxd4 Qg6+ 12. Bg4+ Nxg4 13. Qxg4+ Qxg4+ 14.
hxg4 Rxd4 15. Be3 Rxg4+ 16. Kh2 e6 17. Kh3 Rb4 18. b3 Be7 19. Ne2 Rh4+ 20. Kg2
f5 21. Rh1 Rg4+ 22. Kf1 h5 23. f3 Rg6 24. Nf4 Rg3 25. Kf2 h4 26. Nxe6 g5 27.
Rag1 f4 28. Bd4 Rh6 29. Nc5 Rc6 30. b4 b6 31. Ne4 Rxc2+ 32. Ke1 Bxb4+ 33. Kd1
Rxa2 34. Nxg3 fxg3 35. Kc1 Bd6 36. Kb1 Re2 37. Bf6 Bf4 38. Re1 Rxe1+ 39. Rxe1 h3
40. Re8+ Kb7 41. Bd4 h2 42. Rh8 Kc6 43. Kc2 Kd5 44. Kd3 g2 45. Rd8+ Ke6 46. Re8+
Kf7 47. Re1 h1=Q 0-1

[Event "Titled Tue 1st Jul Early"]
[Site "chess.com INT"]
[Date "2025.07.01"]
[Round "4"]
[White "Uritsky, Yonathan"]
[Black "Storn, Justin"]
[Result "1-0"]
[WhiteTitle "FM"]
[WhiteElo "2368"]
[BlackElo "2118"]
[WhiteFideId "2825651"]
[BlackFideId "30922720"]
[EventDate "2025.07.01"]

1. Nf3 b6 2. e3 Bb7 3. Be2 c5 4. O-O Nf6 5. c4 Nc6 6. b3 d5 7. cxd5 Nxd5 8. Bb2
e6 9. d4 cxd4 10. Nxd4 Rc8 11. Na3 Nxd4 12. Qxd4 Nf6 13. Bb5+ Bc6 14. Qxd8+ Kxd8
15. Bxf6+ gxf6 16. Rfd1+ Ke8 17. Rac1 Bxa3 18. Rxc6 Rxc6 19. Bxc6+ Kf8 20. Rd7
a5 21. Rb7 Bc5 22. Bd7 h5 23. Kf1 h4 24. h3 Rh5 25. Ke2 Rd5 26. a4 Rd6 27. Bb5
Bb4 28. Bc4 Rd2+ 29. Kf3 Bc5 30. g3 hxg3 31. fxg3 f5 32. h4 Rc2 33. h5 Rh2 34.
Kf4 Rxh5 35. e4 fxe4 36. Kxe4 Rh3 37. g4 Rg3 38. Kf4 Rg1 39. Kg5 Be7+ 40. Kf4
Bc5 41. Kg5 Rh1 42. Rc7 Rh3 43. Rb7 Be3+ 44. Kf6 Bd4+ 45. Kg5 Rf3 46. Kh4 Bf6+
47. g5 Bd4 48. g6 fxg6 49. Bxe6 Bf6+ 50. Kg4 Rd3 51. Rf7+ Ke8 52. Rxf6 g5 53.
Bc4 Rd4+ 54. Kxg5 1-0

[Event "Titled Tue 1st Jul Early"]
[Site "chess.com INT"]
[Date "2025.07.01"]
[Round "4"]
[White "Boramanikar, Tanisha S"]
[Black "Devaev, Alexander"]
[Result "0-1"]
[WhiteTitle "WCM"]
[BlackTitle "FM"]
[WhiteElo "1743"]
[BlackElo "2306"]
[WhiteFideId "35023454"]
[BlackFideId "4169395"]
[EventDate "2025.07.01"]

1. e4 c6 2. d4 d5 3. e5 Bf5 4. Ne2 e6 5. Ng3 Bg6 6. h4 h6 7. h5 Bh7 8. Bd3 Bxd3
9. cxd3 f5 10. Nc3 Bb4 11. Qf3 Ne7 12. Ne2 O-O 13. Qg3 Kh7 14. Nf4 Qd7 15. Ng6
Rf7 16. a3 Bxc3+ 17. bxc3 Na6 18. Rb1 c5 19. Ke2 Rc8 20. Nxe7 Rxe7 21. Qg6+ Kh8
22. Bxh6 gxh6 23. Qxh6+ Kg8 24. Qg6+ Rg7 25. Qf6 Rf8 26. Qh4 b6 27. h6 Rh7 28.
g4 fxg4 29. Rbg1 Qf7 30. Rxg4+ Kh8 31. f4 cxd4 32. Rhg1 dxc3 33. Rg7 Qf5 34.
Rxh7+ Qxh7 35. Rg7 Qf5 36. Rg4 c2 37. Kd2 Nc5 38. Kxc2 Qxd3+ 39. Kc1 Qc3+ 40.
Kd1 Qd3+ 41. Kc1 Nb3+ 42. Kb2 Nd4 43. Ka2 Qb3+ 44. Ka1 Nc2# 0-1

[Event "Titled Tue 1st Jul Early"]
[Site "chess.com INT"]
[Date "2025.07.01"]
[Round "4"]
[White "Boyer, Mahel"]
[Black "Karpenko, Anton"]
[Result "0-1"]
[WhiteTitle "GM"]
[BlackTitle "CM"]
[WhiteElo "2542"]
[BlackElo "2218"]
[WhiteFideId "45102422"]
[BlackFideId "34374353"]
[EventDate "2025.07.01"]

1. Nf3 c5 2. g3 b6 3. e4 Bb7 4. Nc3 d6 5. Bg2 Nf6 6. Qe2 Nbd7 7. O-O e6 8. d4
cxd4 9. Nxd4 Be7 10. b3 a6 11. a4 O-O 12. Bb2 Qb8 13. Rad1 Rc8 14. f4 Rc5 15.
Rd3 Qc7 16. g4 Rc8 17. g5 Ne8 18. Rh3 g6 19. Nd1 e5 20. fxe5 dxe5 21. Qf2 Nd6
22. c4 exd4 23. Qxd4 Ne5 24. b4 Ndxc4 25. bxc5 Bxc5 26. Nf2 Bxd4 27. Bxd4 Rd8
28. Ba1 b5 29. axb5 axb5 30. Rc1 Qe7 31. Rg3 b4 32. h4 Bc8 33. Bf1 Be6 34. h5
Qb7 35. hxg6 hxg6 36. Rb1 Nd2 37. Rc1 Ndf3+ 38. Kg2 b3 39. Rxf3 Nxf3 40. Kxf3 b2
41. Bxb2 Qxb2 42. Re1 Qb3+ 43. Re3 Qb2 44. Be2 Rd2 45. Nd3 Qb8 46. Nf4 Bd7 47.
Bc4 Bb5 48. Bd5 Rd1 49. Rb3 Rf1+ 50. Kg2 Qxf4 51. Rxb5 Rf2+ 52. Kg1 Qg3+ 53. Kh1
Qh2# 0-1

[Event "Titled Tue 1st Jul Early"]
[Site "chess.com INT"]
[Date "2025.07.01"]
[Round "4"]
[White "Zhakshylykov, Erzhan"]
[Black "Dyulgerov, Volen"]
[Result "1/2-1/2"]
[WhiteTitle "IM"]
[BlackTitle "CM"]
[WhiteElo "2362"]
[BlackElo "2181"]
[WhiteFideId "13804111"]
[BlackFideId "2918978"]
[EventDate "2025.07.01"]

1. c4 b5 2. cxb5 a6 3. bxa6 Rxa6 4. Nf3 Bb7 5. Nc3 Rg6 6. e4 Re6 7. Ng5 Rg6 8.
Nxf7 Kxf7 9. Qb3+ e6 10. Qxb7 Nc6 11. Qb3 Bc5 12. d3 Nf6 13. Be3 Bxe3 14. fxe3
Ng4 15. Qd1 Rf8 16. Qd2 Kg8 17. O-O-O Nf2 18. Rg1 Nh3 19. Be2 Nxg1 20. Rxg1 Rf2
21. g4 Qh4 22. d4 Qxh2 23. Re1 Qd6 24. e5 Qb4 25. Ne4 Qxd2+ 26. Kxd2 Rh2 27. g5
Rh4 28. Bd3 Nb4 29. Bb1 Nd5 30. Rg1 h6 31. Nf6+ Rxf6 32. gxf6 Rh2+ 33. Kc1 g5
34. Rg3 Rh1+ 35. Kc2 Nb4+ 36. Kb3 Rxb1 37. Kxb4 Rxb2+ 38. Kc3 Rxa2 39. Rh3 Kh7
40. f7 Kg7 41. Rxh6 Kxf7 42. Rh7+ Ke8 43. Rg7 Ra3+ 44. Kd2 Ra2+ 45. Kd3 Rg2 46.
Ke4 g4 47. Kf4 Rf2+ 48. Ke4 Rg2 49. Kf4 Rf2+ 50. Ke4 Rg2 1/2-1/2

[Event "Titled Tue 1st Jul Early"]
[Site "chess.com INT"]
[Date "2025.07.01"]
[Round "4"]
[White "Cordoba Roa, Angel Gabriel"]
[Black "Xalmatov, Yakubjon"]
[Result "1-0"]
[WhiteTitle "FM"]
[BlackTitle "CM"]
[WhiteElo "2396"]
[BlackElo "2096"]
[WhiteFideId "3957624"]
[BlackFideId "14201615"]
[EventDate "2025.07.01"]

1. e4 e5 2. Nf3 Nc6 3. Bb5 a6 4. Ba4 Nf6 5. O-O b5 6. Bb3 Be7 7. d4 d6 8. c3 O-O
9. Nbd2 Bg4 10. h3 Bh5 11. d5 Na5 12. Bc2 c6 13. b4 Nc4 14. Nxc4 bxc4 15. dxc6
Qb6 16. g4 Bg6 17. Re1 Qxc6 18. Bg5 h6 19. Bh4 Rfe8 20. Qe2 a5 21. b5 Qxb5 22.
Rab1 Qc6 23. Nd2 Rec8 24. Nf1 Rab8 25. f3 Rxb1 26. Rxb1 d5 27. exd5 Qxd5 28.
Bxg6 fxg6 29. Rd1 Qe6 30. Bxf6 Bxf6 31. Ng3 a4 32. Ne4 a3 33. Rd6 Qe7 34. Ra6
Bg5 35. Rxg6 Bf4 36. Ra6 Qb7 37. Ra4 Qb1+ 38. Kg2 Qb2 39. Kf2 Rb8 40. Rxc4 Qxe2+
41. Kxe2 Rb2+ 42. Kd3 Rxa2 43. Rc8+ Kf7 44. Ra8 Bc1 45. h4 h5 46. Ra7+ Kg6 47.
Ra6+ Kf7 48. gxh5 Rh2 49. Ng5+ Ke7 50. Ra7+ Kf6 51. Ne4+ Ke6 52. Rxg7 Rxh4 53.
Rg6+ Kf5 54. Rf6# 1-0

[Event "Titled Tue 1st Jul Early"]
[Site "chess.com INT"]
[Date "2025.07.01"]
[Round "4"]
[White "Torres Rebolledo, Alvaro"]
[Black "Pham, Le Thao Nguyen"]
[Result "1-0"]
[WhiteTitle "FM"]
[BlackTitle "IM"]
[WhiteElo "2319"]
[BlackElo "2357"]
[WhiteFideId "54587670"]
[BlackFideId "12401226"]
[EventDate "2025.07.01"]

1. Nf3 d5 2. g3 Nf6 3. Bg2 g6 4. d3 Bg7 5. Nbd2 O-O 6. O-O c5 7. e4 Nc6 8. Re1
dxe4 9. dxe4 e5 10. c3 Qc7 11. Qc2 h6 12. Nc4 Be6 13. Ne3 Rfd8 14. Nd2 Ne7 15.
c4 Nc6 16. Nd5 Bxd5 17. cxd5 Nd4 18. Qc3 Ne8 19. a4 Nd6 20. b4 Rac8 21. b5 c4
22. Ba3 b6 23. Rac1 Qb8 24. Bxd6 Rxd6 25. Nxc4 Rd7 26. Qd3 Rdc7 27. Bh3 Rd8 28.
d6 Rc5 29. d7 Qc7 30. Kg2 Bf6 31. Rc3 Kg7 32. Rec1 Rxd7 33. Bxd7 Qxd7 34. Ne3
Be7 35. Rxc5 Bxc5 36. Nd5 h5 37. h4 Qg4 38. Qd1 Qe6 39. a5 f5 40. Qd3 f4 41.
gxf4 exf4 42. Nxf4 Qe5 43. Qg3 Bd6 44. Qxg6+ Kf8 45. Qh6+ Kf7 46. Qxh5+ Qxh5 47.
Nxh5 bxa5 48. Rd1 Nxb5 49. Rd5 a6 50. e5 Be7 51. f4 a4 52. f5 a3 53. e6+ Kf8 54.
f6 Bb4 55. Rd8# 1-0

[Event "Titled Tue 1st Jul Early"]
[Site "chess.com INT"]
[Date "2025.07.01"]
[Round "4"]
[White "Van Baar, Esper"]
[Black "Le, Minh Tu"]
[Result "0-1"]
[WhiteTitle "FM"]
[BlackTitle "FM"]
[WhiteElo "2232"]
[BlackElo "1932"]
[WhiteFideId "1049321"]
[BlackFideId "12404888"]
[EventDate "2025.07.01"]

1. e4 c5 2. Nf3 e6 3. d4 cxd4 4. Nxd4 a6 5. c4 Nf6 6. Nc3 Bb4 7. Bd3 Nc6 8. Nxc6
dxc6 9. Qc2 e5 10. O-O O-O 11. a3 Bc5 12. b4 Bd4 13. Bb2 Be6 14. c5 Qe7 15. Na4
Rad8 16. Bxd4 Rxd4 17. Rfd1 Rfd8 18. Be2 Nxe4 19. Rxd4 Rxd4 20. Rd1 Qd8 21. h3
g6 22. Nb2 Rxd1+ 23. Nxd1 Qd4 24. Ne3 Nc3 25. Bf3 e4 26. Bg4 f5 27. Be2 f4 28.
Nd1 Nxd1 29. Bxd1 e3 30. fxe3 fxe3 31. Be2 Qa1+ 32. Kh2 Qxa3 33. Qe4 Bf7 34. Bc4
Bxc4 35. Qxc4+ Kg7 36. Qd4+ Kf7 37. Qd7+ Kf6 38. Qd6+ Kf5 39. Qd7+ Ke4 40. Qe6+
Kd3 41. Qd6+ Ke2 42. Qg3 Qd3 43. Qf3+ Kd2 44. h4 e2 45. Qf4+ Qe3 46. Qd6+ Kc1
47. Qc7 e1=Q 0-1

[Event "Titled Tue 1st Jul Early"]
[Site "chess.com INT"]
[Date "2025.07.01"]
[Round "4"]
[White "Cernov, Henrik"]
[Black "Mourao, Igor A.C.Lofredo"]
[Result "1-0"]
[WhiteTitle "FM"]
[WhiteElo "2258"]
[BlackElo "2177"]
[WhiteFideId "16258312"]
[BlackFideId "2102544"]
[EventDate "2025.07.01"]

1. d4 d5 2. Nf3 Nf6 3. Bg5 Ne4 4. Bf4 c5 5. e3 Nc6 6. Nbd2 Bg4 7. c3 e6 8. Qa4
Qb6 9. Bb5 Nxd2 10. Nxd2 a6 11. Bxc6+ Qxc6 12. Qxc6+ bxc6 13. h4 cxd4 14. cxd4
c5 15. f3 Bf5 16. e4 dxe4 17. g4 e5 18. Bxe5 Be6 19. Nxe4 cxd4 20. Bxd4 Bb4+ 21.
Kf2 O-O 22. h5 Rfc8 23. a3 Rc2+ 24. Kg3 Be7 25. Rac1 Rac8 26. Rxc2 Rxc2 27. Rh2
Rc1 28. Be3 Re1 29. Kf2 Rb1 30. Bd4 f5 31. gxf5 Bxf5 32. Rg2 g6 33. hxg6 hxg6
34. Rh2 Rd1 35. Bc3 Rc1 36. Ke3 Bxe4 37. Kxe4 Bxa3 38. Bd2 Bd6 39. Rh6 Rc6 40.
Rxg6+ Kf7 41. Rh6 Rb6 42. Bc3 Bc5 43. Rh7+ Ke8 44. Rc7 Be7 45. f4 Rh6 46. f5
Rh4+ 47. Kd5 Rh5 48. Ke6 Bd8 49. Ra7 Rh1 50. f6 Rh6 51. Ra8 1-0

[Event "Titled Tue 1st Jul Early"]
[Site "chess.com INT"]
[Date "2025.07.01"]
[Round "4"]
[White "Grot, Blazej"]
[Black "Schitco, Ivan"]
[Result "1-0"]
[WhiteTitle "CM"]
[BlackTitle "GM"]
[WhiteElo "2207"]
[BlackElo "2481"]
[WhiteFideId "21835845"]
[BlackFideId "13905465"]
[EventDate "2025.07.01"]

1. e4 d6 2. d4 Nf6 3. Nc3 e5 4. Nf3 Nbd7 5. g4 g6 6. Bc4 Bg7 7. h4 exd4 8. Nxd4
Ne5 9. Be2 Nexg4 10. Bg5 h6 11. Bf4 Ne5 12. Qd2 c6 13. O-O-O Qe7 14. Nf3 Bg4 15.
Nxe5 dxe5 16. Be3 Bxe2 17. Qxe2 O-O 18. Rdg1 Nh5 19. Qf3 Qe6 20. a3 Kh7 21. Ne2
Qa2 22. Nc3 Qa1+ 23. Nb1 Rad8 24. Rd1 Nf4 25. Bxa7 h5 26. Bb6 Bh6 27. Be3 b5 28.
Rxd8 Rxd8 29. Rd1 Rxd1+ 30. Qxd1 Qa2 31. Qd7 Qe6 32. Qc7 Ng2 33. Bxh6 Kxh6 34.
Nd2 Nxh4 35. c4 bxc4 36. a4 c3 37. bxc3 g5 38. a5 f6 39. Qd8 Ng6 40. a6 Qa2 41.
Qxf6 Qxa6 42. Nf3 Qf1+ 43. Kb2 Qxf2+ 44. Kb3 Qb6+ 45. Kc2 Qe3 46. Kb3 g4 47.
Nxe5 Qxe4 48. Nf7+ Kh7 49. Ng5+ Kh6 50. Nxe4 h4 51. Qg5+ Kh7 52. Nf6+ Kg7 53.
Nh5+ Kf7 54. Qxg4 1-0